000 00493nam a22001937a 4500
003 CEME
005 20210628203420.0
008 210118b xxu||||| |||| 00| 0 eng d
020 _a0-07-136192-8
040 _cceme
082 _a658.2 STA
100 _aRosaler, Robert C.
_965292
245 _aStandard handbook of plant engineering
250 _a3RD ED
260 _aUSA
_bMCGRAW HILL
_c2002
300 _a2500P
650 _aPLANT ENGINEERING-HANDBOOKS ETC
_965293
942 _cBK
_2ddc
999 _c573553
_d573553